[Event "Medellin Region IRT op"]
[Site "Medellin"]
[Date "2013.05.17"]
[Round "2"]
[White "Salcedo Perez, Pablo Esteban"]
[Black "Reyes Rios, Juan Camilo"]
[Result "0-1"]
[WhiteElo "1823"]
[BlackElo "2010"]
[PlyCount "54"]
[EventDate "2013.05.16"]
[EventType "swiss"]
[EventRounds "7"]
[EventCountry "COL"]
[SourceTitle "CBM 154 Extra"]
[Source "ChessBase"]
[SourceDate "2013.06.25"]
[SourceVersion "2"]
[SourceVersionDate "2013.06.25"]
[SourceQuality "1"]

1. d4 c5 2. d5 Nf6 3. c4 g6 4. Nc3 Bg7 5. e4 d6 6. Nf3 0-0 7. Bd3 Bg4 8. h3 Bxf3 9. Qxf3 Nbd7 10. 0-0 Ne5 11. Qe2 Nxd3 12. Qxd3 a6 13. f4 Rb8 14. Bd2 b5 15. cxb5 axb5 16. Rae1 Nd7 17. Qg3 Qc7 18. Re2 c4 19. e5 dxe5 20. Ne4 Nc5 21. Bb4 exf4 22. Rxf4 Nd3 23. d6 Qa7+ 24. Bc5 Nxc5 25. Qf2 exd6 26. Nxd6 Qc7 27. Nxf7 Nd3 0-1

[Event "Medellin Region IRT op"]
[Site "Medellin"]
[Date "2013.05.16"]
[Round "1"]
[White "Reyes Rios, Juan Camilo"]
[Black "Uribe Arteaga, Daniel"]
[Result "0-1"]
[WhiteElo "2010"]
[BlackElo "2265"]
[PlyCount "43"]
[EventDate "2013.05.16"]
[EventType "swiss"]
[EventRounds "7"]
[EventCountry "COL"]
[SourceTitle "CBM 154 Extra"]
[Source "ChessBase"]
[SourceDate "2013.06.25"]
[SourceVersion "2"]
[SourceVersionDate "2013.06.25"]
[SourceQuality "1"]

1. e4 g6 2. d4 Bg7 3. Nf3 c6 4. c4 d5 5. Nc3 dxe4 6. Nxe4 Nd7 7. Be2 Ngf6 8. Nc3 0-0 9. 0-0 Qc7 10. Bg5 e5 11. d5 e4 12. Nd4 cxd5 13. cxd5 Qe5 14. f4 Qd6 15. Kh1 a6 16. Nc2 b5 17. Ne3 Bb7 18. Qd2 Rac8 19. Rad1 Rfe8 20. a4 h6 21. Bh4 Nc5 22. Bf2 0-1

[Event "Medellin Semana Santa op"]
[Site "Medellin"]
[Date "2013.03.29"]
[Round "4"]
[White "Munoz, Farid"]
[Black "Reyes Rios, Juan Camilo"]
[Result "0-1"]
[WhiteElo "2159"]
[BlackElo "2010"]
[PlyCount "102"]
[EventDate "2013.03.27"]
[EventType "swiss"]
[EventRounds "7"]
[EventCountry "COL"]
[SourceTitle "CBM 153 Extra"]
[Source "ChessBase"]
[SourceDate "2013.04.22"]
[SourceVersion "1"]
[SourceVersionDate "2013.04.22"]
[SourceQuality "1"]

1. e4 c5 2. Nf3 d6 3. d4 cxd4 4. Nxd4 Nf6 5. Nc3 a6 6. Bc4 e6 7. Bb3 b5 8. 0-0 Be7 9. Qf3 Qb6 10. Be3 Qb7 11. a3 0-0 12. g4 Nbd7 13. g5 Ne5 14. Qg2 Nfd7 15. Rad1 Nc4 16. Bc1 Qb6 17. Rfe1 Bb7 18. Qh3 Nc5 19. Bxc4 bxc4 20. Re3 Bxg5 21. Rg3 Bxc1 22. Rxc1 Nxe4 23. Nxe4 Bxe4 24. Nxe6 fxe6 25. Qxe6+ Kh8 26. Qxe4 Qxf2+ 27. Kh1 Rae8 28. Qg4 Qf7 29. Rcg1 Qd5+ 30. R3g2 Re7 31. h3 Ref7 32. Qg5 Qe4 33. Kh2 g6 34. Qg3 d5 35. Re1 Qf4 36. Qxf4 Rxf4 37. Re5 R4f5 38. Re6 R8f6 39. Re7 Rf2 40. Rd7 Rxg2+ 41. Kxg2 Rb6 42. Rxd5 Rxb2 43. Ra5 Rxc2+ 44. Kg3 Rc3+ 45. Kg4 Rc1 46. Rxa6 c3 47. Kg5 Kg7 48. Ra7+ Kf8 49. Rc7 c2 50. Kh4 g5+ 51. Kh5 g4 0-1

[Event "Medellin Semana Santa op"]
[Site "Medellin"]
[Date "2013.03.28"]
[Round "3"]
[White "Reyes Rios, Juan Camilo"]
[Black "Panesso Rivera, Henry"]
[Result "0-1"]
[WhiteElo "2010"]
[BlackElo "2321"]
[PlyCount "88"]
[EventDate "2013.03.27"]
[EventType "swiss"]
[EventRounds "7"]
[EventCountry "COL"]
[SourceTitle "CBM 153 Extra"]
[Source "ChessBase"]
[SourceDate "2013.04.22"]
[SourceVersion "1"]
[SourceVersionDate "2013.04.22"]
[SourceQuality "1"]

1. e4 c5 2. Nf3 d6 3. d4 Nf6 4. Nc3 cxd4 5. Nxd4 a6 6. Bc4 e6 7. Bb3 b5 8. Qe2 Be7 9. Bg5 0-0 10. 0-0 b4 11. Nb1 Bb7 12. Nd2 h6 13. Bh4 Nc6 14. Nxc6 Bxc6 15. Rad1 Qc7 16. Bg3 Qb7 17. Rfe1 a5 18. f4 d5 19. exd5 Bc5+ 20. Bf2 Bxf2+ 21. Qxf2 exd5 22. c3 a4 23. Bc2 bxc3 24. bxc3 Qb2 25. Nf3 Qxc3 26. Ne5 Bb5 27. Rc1 Qa5 28. Rb1 Bc4 29. Rb6 Ra6 30. Reb1 Rxb6 31. Rxb6 Qc3 32. Nxc4 Qxc4 33. h3 Re8 34. Bf5 Ne4 35. Bxe4 Rxe4 36. f5 Re2 37. Rb8+ Kh7 38. Qg3 Qc1+ 39. Kh2 Re1 40. Qd6 Rh1+ 41. Kg3 Qg5+ 42. Kf2 Qxf5+ 43. Kg3 Qg5+ 44. Kf2 Qh4+ 0-1

[Event "Medellin Semana Santa op"]
[Site "Medellin"]
[Date "2013.03.27"]
[Round "1"]
[White "Reyes Rios, Juan Camilo"]
[Black "Lotero, Faiber"]
[Result "1-0"]
[WhiteElo "2010"]
[BlackElo "2177"]
[PlyCount "89"]
[EventDate "2013.03.27"]
[EventType "swiss"]
[EventRounds "7"]
[EventCountry "COL"]
[SourceTitle "CBM 153 Extra"]
[Source "ChessBase"]
[SourceDate "2013.04.22"]
[SourceVersion "1"]
[SourceVersionDate "2013.04.22"]
[SourceQuality "1"]

1. e4 d5 2. Nc3 dxe4 3. Nxe4 Bf5 4. Ng3 Bg6 5. d4 Nf6 6. Nf3 Nbd7 7. Bc4 e6 8. 0-0 Bd6 9. Qe2 0-0 10. Rd1 Nd5 11. Bb3 Nf4 12. Qe1 Qf6 13. c4 Nd3 14. Qe2 Nxc1 15. Raxc1 Bf4 16. Ra1 e5 17. Ne4 Qf5 18. Ng3 Qf6 19. Ba4 c6 20. Ne4 Qe7 21. Nc3 Rfe8 22. d5 Nc5 23. Bc2 Bh5 24. b4 Na6 25. a3 e4 26. Qxe4 Qxe4 27. Bxe4 Be5 28. Nxe5 Bxd1 29. f4 f6 30. Rxd1 fxe5 31. dxc6 exf4 32. cxb7 Rad8 33. Bd5+ Kf8 34. Nb5 Re3 35. Nxa7 Rxa3 36. Nc6 Re8 37. b5 Nb8 38. Nxb8 Rxb8 39. c5 Ke7 40. Bf3 Rxf3 41. gxf3 Rxb7 42. b6 Rd7 43. Rxd7+ Kxd7 44. Kg2 g5 45. h4 1-0

[Event "World Amateur-ch"]
[Site "Neos Marmaras"]
[Date "2012.04.21"]
[Round "8"]
[White "Reyes Rios, Juan Camilo"]
[Black "Nikolaidou, Eleni"]
[Result "1-0"]
[WhiteElo "1996"]
[BlackElo "1823"]
[PlyCount "73"]
[EventDate "2012.04.16"]
[EventType "swiss"]
[EventRounds "9"]
[EventCountry "GRE"]
[SourceTitle "CBM 148 Extra"]
[Source "ChessBase"]
[SourceDate "2012.06.22"]
[SourceVersion "1"]
[SourceVersionDate "2012.06.22"]
[SourceQuality "1"]

1. e4 c5 2. Nf3 Nc6 3. Nc3 d6 4. d4 cxd4 5. Nxd4 Nf6 6. Bg5 Bd7 7. Qd2 Rc8 8. 0-0-0 Nxd4 9. Qxd4 Qa5 10. f4 h6 11. Bh4 g5 12. e5 gxh4 13. exf6 e6 14. Kb1 Qc5 15. Qd2 d5 16. f5 Kd8 17. fxe6 fxe6 18. Be2 Kc7 19. Bf3 Kb8 20. Rhe1 Qb6 21. Qe3 Bc5 22. Qf4+ Bd6 23. Qd4 Bc5 24. Qe5+ Ka8 25. Rd3 Bb4 26. Red1 Bd6 27. Nxd5 Qc6 28. Nb6+ Qxb6 29. Rxd6 Qc7 30. Bxb7+ Qxb7 31. Rxd7 Qxg2 32. c3 Qg6+ 33. Ka1 Rhf8 34. Rxa7+ Kxa7 35. Rd7+ Kb6 36. Qd6+ Kb5 37. Rb7+ 1-0

[Event "World Amateur-ch"]
[Site "Neos Marmaras"]
[Date "2012.04.20"]
[Round "6"]
[White "Reyes Rios, Juan Camilo"]
[Black "Hatzihrisafis, Dimos"]
[Result "1-0"]
[WhiteElo "1996"]
[BlackElo "1835"]
[PlyCount "125"]
[EventDate "2012.04.16"]
[EventType "swiss"]
[EventRounds "9"]
[EventCountry "GRE"]
[SourceTitle "CBM 148 Extra"]
[Source "ChessBase"]
[SourceDate "2012.06.22"]
[SourceVersion "1"]
[SourceVersionDate "2012.06.22"]
[SourceQuality "1"]

1. e4 c5 2. Nf3 d6 3. d4 cxd4 4. Nxd4 Nf6 5. Nc3 a6 6. Be2 e5 7. Nb3 Be7 8. 0-0 0-0 9. a4 Be6 10. Bg5 Nbd7 11. a5 h6 12. Be3 Qc7 13. Qd3 Rac8 14. Rfc1 Nc5 15. Nxc5 dxc5 16. Nd5 Bxd5 17. exd5 c4 18. Qd2 Qd6 19. Rd1 Rfd8 20. Bb6 Rd7 21. Qc3 Qb4 22. Qxb4 Bxb4 23. Ra4 Be7 24. Rxc4 Re8 25. Bf3 Bd8 26. Rc8 Bxb6 27. Rxe8+ Nxe8 28. axb6 Nd6 29. b3 e4 30. Be2 Nc8 31. Bg4 Rd8 32. Bxc8 Rxc8 33. c4 Kf8 34. Rd4 f5 35. g4 g6 36. f3 exf3 37. gxf5 g5 38. Re4 h5 39. b4 Rd8 40. Kf2 g4 41. h3 gxh3 42. Kxf3 Kf7 43. Rh4 Rd6 44. Rd4 Rf6 45. c5 Rxf5+ 46. Kg3 Ke7 47. c6 Kd6 48. c7 Rf8 49. Kxh3 Rc8 50. Kh4 Rh8 51. Rc4 Kd7 52. Kg5 Re8 53. Kxh5 Rc8 54. Kg6 Kd6 55. Rc5 Kd7 56. Kf6 Kd6 57. Kf7 Kd7 58. Rc1 Kd6 59. Rg1 Kd7 60. Rg8 a5 61. Rxc8 Kxc8 62. Ke7 axb4 63. d6 1-0

[Event "Medellin op Experts"]
[Site "Medellin"]
[Date "2011.04.23"]
[Round "6.6"]
[White "Caldera Sotomayor, Wilber"]
[Black "Reyes Rios, Juan Camilo"]
[Result "0-1"]
[WhiteElo "1889"]
[BlackElo "1999"]
[PlyCount "68"]
[EventDate "2011.04.20"]
[EventType "swiss"]
[EventRounds "9"]
[EventCountry "COL"]
[SourceTitle "EXT 2024"]
[Source "ChessBase"]
[SourceDate "2023.10.10"]
[SourceVersion "1"]
[SourceVersionDate "2023.10.10"]
[SourceQuality "1"]

1. e4 c5 2. Nf3 a6 3. d4 cxd4 4. Nxd4 e5 5. Nf3 Nf6 6. Bg5 Bc5 7. Bc4 Bxf2+ 8. Ke2 Ba7 9. Qd6 Nc6 10. Nxe5 Nd4+ 11. Kd1 Ne6 12. Bxe6 fxe6 13. Nc3 Bb8 14. Qd4 d6 15. Nf3 0-0 16. Ke1 Ba7 17. Qd3 Qb6 18. Rf1 Bd7 19. Kd2 Bc6 20. Be3 Qb4 21. Bxa7 Nxe4+ 22. Kc1 Nxc3 23. Qxc3 Qxc3 24. bxc3 Rxa7 25. Kd2 Raa8 26. Ke3 Rac8 27. Kd2 Bb5 28. Rfe1 e5 29. Re3 Rf4 30. Rb1 Rcf8 31. Rb4 Bc6 32. Rxf4 Rxf4 33. Ke2 Bxf3+ 34. gxf3 Kf7 0-1

[Event "Medellin op Experts"]
[Site "Medellin"]
[Date "2011.04.20"]
[Round "1.1"]
[White "Reyes Rios, Juan Camilo"]
[Black "Riascos, Guillermo"]
[Result "1-0"]
[WhiteElo "1999"]
[BlackElo "1911"]
[PlyCount "75"]
[EventDate "2011.04.20"]
[EventType "swiss"]
[EventRounds "9"]
[EventCountry "COL"]
[SourceTitle "EXT 2024"]
[Source "ChessBase"]
[SourceDate "2023.10.10"]
[SourceVersion "1"]
[SourceVersionDate "2023.10.10"]
[SourceQuality "1"]

1. e4 c5 2. Nf3 d6 3. d4 cxd4 4. Nxd4 Nf6 5. Nc3 a6 6. Bc4 e6 7. Bb3 Be7 8. 0-0 0-0 9. f4 Qc7 10. a4 Nbd7 11. Be3 Nc5 12. Qf3 Nxb3 13. cxb3 b6 14. Rac1 Qb7 15. f5 Bd7 16. Rfd1 e5 17. Nde2 Bc6 18. Ng3 Rac8 19. Bg5 Rfd8 20. h4 h6 21. Bxf6 Bxf6 22. Qg4 Qe7 23. Nh5 Bb7 24. Ne2 Kh7 25. Neg3 Rxc1 26. Rxc1 d5 27. Nxf6+ gxf6 28. Nh5 Rg8 29. Rc7 Qd6 30. Rxf7+ Kh8 31. Nxf6 Qxf6 32. Qxg8+ Kxg8 33. Rxf6 d4 34. Rxb6 Bxe4 35. Re6 d3 36. Kf2 d2 37. Ke2 Bxg2 38. Rxe5 1-0

[Event "Medellin Depart U2000"]
[Site "Medellin"]
[Date "2011.04.05"]
[Round "2.1"]
[White "Caro, Emilio"]
[Black "Reyes Rios, Juan Camilo"]
[Result "0-1"]
[WhiteElo "1835"]
[BlackElo "1999"]
[PlyCount "46"]
[EventDate "2011.04.04"]
[EventType "swiss"]
[EventRounds "7"]
[EventCountry "COL"]
[SourceTitle "EXT 2024"]
[Source "ChessBase"]
[SourceDate "2023.10.10"]
[SourceVersion "1"]
[SourceVersionDate "2023.10.10"]
[SourceQuality "1"]

1. e4 c5 2. Nf3 d6 3. c3 Nf6 4. Be2 g6 5. 0-0 Bg7 6. d4 0-0 7. e5 Nd5 8. Re1 Nc6 9. exd6 Qxd6 10. Na3 cxd4 11. cxd4 Nf4 12. Bxf4 Qxf4 13. Nc2 Rd8 14. g3 Qf6 15. Qc1 Bf5 16. Ne3 Nxd4 17. Nxd4 Rxd4 18. Nxf5 Qxf5 19. Qc7 Rd7 20. Qc1 Bd4 21. Rf1 Qe5 22. Bc4 Bxb2 23. Re1 Bxc1 0-1